NBA Basketball Teams to Arenas - A Click Quiz - Statistics

General Stats
  • This quiz has been taken 700 times
    74 since last reset
  • The average score is 15 of 30
Answer Stats
Hint Answer % Correct
Knicks Madison Square Garden
89%
Celtics TD Garden
79%
Nets Barclays Center
77%
Lakers Crypto.com Arena
70%
Warriors Chase Center
66%
Clippers Intuit Dome
64%
Pelicans Smoothie King Center
62%
Raptors Scotiabank Arena
57%
Bulls United Center
57%
Timberwolves Target Center
55%
Pacers Gainbridge Fieldhouse
53%
Kings Golden 1 Center
53%
Pistons Little Caesars Arena
53%
Mavericks American Airlines Center
51%
Nuggets Ball Arena
51%
Wizards Capital One Arena
51%
Bucks Fiserv Forum
51%
Grizzlies FedExForum
45%
Heat Kaseya Center
45%
Trail Blazers Moda Center
40%
Hawks State Farm Arena
40%
Rockets Toyota Center
40%
76ers Xfinity Mobile Arena
40%
Jazz Delta Center
38%
Hornets Spectrum Center
38%
Thunder Paycom Center
36%
Cavaliers Rocket Arena
36%
Spurs Frost Bank Center
28%
Magic Kia Center
28%
Suns Mortgage Matchup Center
15%
No matching quizzes found
Score Distribution
Percent of People with Each Score
Percentile by Number Answered
Your Score History
You have not taken this quiz since the last reset